Statistiken für Bekannte Slogans

Klicken Sie hier um das Quiz zu spielen!

Allgemein

  • Dieses Quiz wurde 724 mal gespielt
  • Das Durchschnittsergebnis liegt bei 8 aus 20

Antwortstatistiken

SloganProdukte; Marke; Firma% Korrekt
Just do itNike
92%
___ lohnt sichLidl
83%
We love to entertain youProsieben
81%
Vorsprung durch TechnikAudi
77%
Eine Perle der NaturKrombacher
64%
Mit dem Zweiten sieht man besserZDF
55%
eat freshSubway
45%
Taste the FeelingCoca-Cola
44%
This is for the PlayersPlaystation
40%
Das Beste oder NichtsMercedes
39%
Wir leben AutosOpel
38%
Broadcast yourselfYoutube
33%
Erleben, was verbindetTelekom
27%
For the game. For the worldFIFA
25%
Alles superAral
24%
Think differentApple
22%
Life's goodLG
20%
Nonstop youLufthansa
12%
Good food, Good lifeNestle
9%
Ingenuity for lifeSiemens
8%

Verteilung der Resultate

Perzentil nach korrekt beantworteten Fragen

Anzahl Personen mit jedem Resultat

Ihre Resultats-Entwicklung

Sie haben dieses Quiz noch nicht gespielt